000 00500nam a22001697a 4500
005 20260324163241.0
008 260324b |||||||| |||| 00| 0 eng d
020 _a9789783956407
040 _cVITAP
082 _223rd Ed.
_a346.5402 VIJ
100 _aVijayasekhar, R.D.
_917350
245 _aContracts 2 [Bilingual (English & Telugu)]
_c/ R.D. Vijayasekhar
260 _aTirupati
_bVijay Law Series
300 _aiv, 142p. : ill. ; 24cm
650 0 _aIndia; Contracts
_917351
942 _2ddc
_cREF
999 _c47380
_d47380